MARC details
| 000 -CABECERA |
| campo de control de longitud fija |
02987nam a2200349 i 4500 |
| 001 - NÚMERO DE CONTROL |
| campo de control |
000031364 |
| 003 - IDENTIFICADOR DEL NÚMERO DE CONTROL |
| campo de control |
DO-SdBNP |
| 005 - FECHA Y HORA DE LA ÚLTIMA TRANSACCIÓN |
| campo de control |
20250804101510.0 |
| 007 - CAMPO FIJO DE DESCRIPCIÓN FÍSICA--INFORMACIÓN GENERAL |
| campo de control de longitud fija |
ta |
| 008 - DATOS DE LONGITUD FIJA--INFORMACIÓN GENERAL |
| campo de control de longitud fija |
110620s1992 dr ace 000 0 spa d |
| 040 ## - FUENTE DE LA CATALOGACIÓN |
| Centro catalogador/agencia de origen |
DO-SdBNP |
| Lengua de catalogación |
spa |
| Centro/agencia transcriptor |
BNPHU |
| Normas de descripción |
rda |
| 041 ## - CÓDIGO DE LENGUA |
| Código de lengua del texto/banda sonora o título independiente |
spa |
| 082 ## - NÚMERO DE LA CLASIFICACIÓN DECIMAL DEWEY |
| Número de clasificación |
972.9375 |
| Número de documento/Ítem |
B142p |
| Número de edición |
22 |
| 100 1# - ENTRADA PRINCIPAL--NOMBRE DE PERSONA |
| Nombre de persona |
Báez López-Penha, José Ramón |
| 9 (RLIN) |
31200 |
| Término indicativo de función/relación |
autor |
| Código de función/relación |
aut. |
| 245 10 - MENCIÓN DE TÍTULO |
| Título |
Por qué Santo Domingo es así / |
| Mención de responsabilidad, etc. |
José Ramón Báez López-Penha ; presentación Opinio Álvarez Betancourt ; prólogo Eugenio Pérez Montáz. |
| 264 #1 - PRODUCCIÓN, PUBLICACIÓN, DISTRIBUCIÓN, FABRICACIÓN Y COPYRIGHT |
| Producción, publicación, distribución, fabricación y copyright |
Santo Domingo : |
| Nombre del de productor, editor, distribuidor, fabricante |
Fundación FALCONBRIDGE, |
| Fecha de producción, publicación, distribución, fabricación o copyright |
1992. |
| 300 ## - DESCRIPCIÓN FÍSICA |
| Extensión |
271 páginas : |
| Otras características físicas |
ilustraciones, retratos, planos ; |
| Dimensiones |
29 cm. |
| 336 ## - TIPO DE CONTENIDO |
| Término de tipo de contenido |
texto |
| Código de tipo de contenido |
txt |
| Fuente |
rdacontent |
| 337 ## - TIPO DE MEDIO |
| Nombre/término del tipo de medio |
sin mediación |
| Código del tipo de medio |
n |
| Fuente |
rdamedia |
| 338 ## - TIPO DE SOPORTE |
| Nombre/término del tipo de soporte |
volumen |
| Código del tipo de soporte |
nc |
| Fuente |
rdacarrier |
| 505 0# - NOTA DE CONTENIDO CON FORMATO |
| Título |
Dedicatoria -- |
| -- |
Presentación -- |
| Mención de responsabilidad |
Opinio Álvarez Betancourt |
| Título |
Prólogo -- |
| Mención de responsabilidad |
Eugenio Pérez Montas -- |
| Título |
Introducción -- |
| Información miscelánea |
Capítulo I. -- |
| Título |
Primer asentamiento en La Española. La Navidad -- |
| Información miscelánea |
Capítulo II. -- |
| Título |
Segundo asentamiento en La Española. La Isabela -- |
| Información miscelánea |
Capítulo III. -- |
| Título |
Tercer asentamiento en La Española. La Nueva Isabela -- |
| Información miscelánea |
Capítulo IV. -- |
| Título |
El suelo de Santo Domingo -- |
| Información miscelánea |
Capítulo V. -- |
| Título |
Alcantarillas coloniales -- |
| Información miscelánea |
Capítulo VI. -- |
| Título |
El servicio de agua en Santo Domingo -- |
| Información miscelánea |
Capítulo VII. -- |
| Título |
Las murallas y fuertes de Santo Domingo-- |
| Información miscelánea |
Capítulo VIII. -- |
| Título |
Las calles de Santo Domingo intramuros -- |
| Información miscelánea |
Capítulo IX. -- |
| Título |
Modificaciones menores en las calles de Santo Domingo -- |
| Información miscelánea |
Capítulo X. -- |
| Título |
Transformación y desarrollo de Santo Domingo intramuros -- |
| Información miscelánea |
Capítulo XI. -- |
| Título |
Oficina Técnica Municipal. Dirección de obras Públicas Urbanas -- |
| Información miscelánea |
Capítulo XII. -- |
| Título |
Los caminos originales y sus incidencias en la transformación y desarrollo de los terrenos que circundan la ciudad intramuros |
| Información miscelánea |
Capítulo XIII. -- |
| Título |
Avenida municipal -- |
| Información miscelánea |
Capítulo XIV. -- |
| Título |
Avenida colombina -- |
| Información miscelánea |
Capítulo XV. -- |
| Título |
Condiciones para una propuesta de urbanismo. Ensanche Independencia -- |
| Información miscelánea |
Capítulo XVI. -- |
| Título |
Directrices para el futuro. Una propuesta de urbanismo -- |
| Información miscelánea |
Capítulo XVII. -- |
| Título |
Avenida Máximo Gómez -- |
| Información miscelánea |
Capítulo XVIII. -- |
| Título |
Circunvalación oeste Fabré Geffard -- |
| Información miscelánea |
Capítulo XIX. -- |
| Título |
El mito de los poderosos -- |
| Información miscelánea |
Capítulo XX. -- |
| Título |
Financiamiento para la construcción. Vivencias -- |
| Información miscelánea |
Capítulo XXI. -- |
| Título |
El Banco de la Vivienda |
| -- |
Bibliografía -- |
| -- |
Glosario / |
| 590 ## - NOTA LOCAL (RLIN) |
| Nota local |
Inventariado, 2020/BT |
| 650 #4 - PUNTO DE ACCESO ADICIONAL DE MATERIA--TÉRMINO DE MATERIA |
| Término de materia o nombre geográfico como elemento de entrada |
Sitios históricos |
| Subdivisión geográfica |
Santo Domingo (República Dominicana{Rpara} |
| 9 (RLIN) |
57792 |
| 650 #4 - PUNTO DE ACCESO ADICIONAL DE MATERIA--TÉRMINO DE MATERIA |
| Término de materia o nombre geográfico como elemento de entrada |
Calles |
| Subdivisión geográfica |
Santo Domingo (República Dominicana{Rpara} |
| 9 (RLIN) |
38892 |
| 650 #4 - PUNTO DE ACCESO ADICIONAL DE MATERIA--TÉRMINO DE MATERIA |
| Término de materia o nombre geográfico como elemento de entrada |
Monumentos históricos |
| Subdivisión geográfica |
Santo Domingo (República Dominicana{Rpara} |
| 9 (RLIN) |
7717 |
| 650 #4 - PUNTO DE ACCESO ADICIONAL DE MATERIA--TÉRMINO DE MATERIA |
| Término de materia o nombre geográfico como elemento de entrada |
Ciudades y pueblos |
| Subdivisión geográfica |
República Dominicana |
| 9 (RLIN) |
784 |
| 651 #4 - PUNTO DE ACCESO ADICIONAL DE MATERIA--NOMBRE GEOGRÁFICO |
| Nombre geográfico |
Santo Domingo (República Dominicana{Rpara} |
| Subdivisión general |
Descripciones Y Viajes |
| 9 (RLIN) |
7718 |
| 700 1# - PUNTO DE ACCESO ADICIONAL--NOMBRE DE PERSONA |
| Nombre de persona |
Álvarez Betancourt, Opinio |
| 9 (RLIN) |
57793 |
| 700 1# - PUNTO DE ACCESO ADICIONAL--NOMBRE DE PERSONA |
| Nombre de persona |
Pérez Montáz, Eugenio, |
| Término indicativo de función/relación |
pról. |
| 9 (RLIN) |
57794 |
| 910 ## - DATOS DE OPCIÓN DEL USUARIO (OCLC) |
| Datos de opción del usuario |
Validado. Control de calidad EMS |
| 942 ## - ELEMENTOS DE PUNTO DE ACCESO ADICIONAL (KOHA) |
| Fuente del sistema de clasificación o colocación |
Dewey Decimal Classification |
| Tipo de ítem Koha |
Libro |